000 01729nam a2200241Ia 4500
008 260220t1979||||xx |||||||||||||| ||spa||
040 _aPY-SlUNAC
_bspa
_erda
041 _aspa
082 _a633.68
_bB561s
100 _aBest, Rupert
_eAutor
245 0 _aSecamiento de la yuca /
_cpor Rupert Best [Autor]
264 _aCali :
_bCentro Regional de Agricultura Tropical,
_c℗1979.
300 _a1 volumen
520 _aEl libro "Secamiento de la yuca" de Rupert Best, publicado por el Centro Regional de Agricultura Tropical en 1979, aborda el proceso de secado de la yuca, un cultivo de gran importancia en regiones tropicales. Best examina las técnicas tradicionales y modernas de secado, evaluando sus impactos en la calidad y el valor nutricional del tubérculo. La obra destaca la relevancia del secado como método de conservación, que permite prolongar la vida útil de la yuca y facilita su almacenamiento y transporte. A través de estudios de caso y datos empíricos, se analizan los factores que influyen en la eficiencia del proceso, así como los equipos y tecnologías disponibles para optimizar el secado. El autor también discute las implicaciones económicas del secado de yuca en comunidades rurales, promoviendo su potencial como fuente de ingresos. En conjunto, el libro es una contribución significativa a la agronomía y la economía agrícola, ofreciendo estrategias prácticas para mejorar la producción y el aprovechamiento de este importante cultivo.
653 _aAgricultura
653 _aCultivos
653 _aYuca
942 _b2026/02/17
_cBK
999 _c8656
_d8656